Umwelt Management Erfahrungen und Instrumente einer Umweltorientierten Unternehmensstrategie

Uložené v:
Podrobná bibliografia
Hlavný autor: Stegner, Ulrich
Médium: Kniha
Jazyk:German
Vydavateľské údaje: Frankfurt am Main Frankfurter Allgemeine Zeitung 1993
Vydanie:2. überarb. u. erw. Aufl.
Predmet:
Tagy: Pridať tag
Žiadne tagy, Buďte prvý, kto otaguje tento záznam!

MARC

LEADER 00000nam a2200000 4500
001 c006281
005 20221206075148.4
020 |a 3-409-29120-2 
041 0 |a ger 
044 |a DE 
245 1 0 |a Umwelt Management  |b Erfahrungen und Instrumente einer Umweltorientierten Unternehmensstrategie  |c Ulrich Stegner 
250 |a 2. überarb. u. erw. Aufl. 
264 1 |a Frankfurt am Main  |b Frankfurter Allgemeine Zeitung  |c 1993 
300 |a 403 s. 
610 2 0 |a prostredie životné 
610 2 0 |a manažment 
610 2 0 |a ekológia 
610 2 0 |a stratégia podniková 
610 2 0 |a ochrana prostredia životného 
610 2 0 |a kontroling 
610 2 0 |a Nemecko 
100 1 |a Stegner, Ulrich